| 000 | 00682 a2200277 4500 | ||
|---|---|---|---|
| 003 | 0 | ||
| 005 | 20160609161145.0 | ||
| 008 | 101004t xxu||||| |||| 00| 0 eng d | ||
| 037 | _b1, Achat | ||
| 037 | _aDE 5585 | ||
| 040 |
_cBUAC _eBEPAC |
||
| 100 |
_aBlardone, Gilbert _99423 |
||
| 100 |
_lFr _99424 |
||
| 245 | _aLe Capitalisme | ||
| 250 | _a2è éd. | ||
| 260 | _a[Tournai] | ||
| 260 | _bBloud et Gay | ||
| 300 | _a209 p. | ||
| 300 | _b22 cm. | ||
| 440 |
_aLe Circuit économique _99425 |
||
| 630 |
_a33 - Economie. Economie politique _99426 |
||
| 650 |
_a3 - SCIENCES SOCIALES _99427 |
||
| 650 |
_aCapitalisme : théorie _99428 |
||
| 942 | _cLIVR | ||
| 999 |
_c38534 _d38534 |
||